000 00536nam a22001817a 4500
003 OSt
005 20140310182200.0
008 130902t xxu||||| |||| 00| 0 eng d
020 _a0861887894
050 _aTX 551
_b.C657 1991
082 _aHS 647.95
_bCo63 1991
245 _aThe Cobra Indian lager good curry restaurant guide
_cPat Chapman.
260 _aLondon :
_bThe Curry Club,
_cc1991.
300 _a287 p. ;
_bill. ;
_c20 cm.
650 _aRestaurants
_xBars, etc.--Gt. Britain
_916202
942 _2lcc
_cHS
999 _c10189
_d10189